000
00255nam a22001217a 4500
999
_c
13093
_d
13093
020
_a
9780008447373
082
_a
158.1
100
_a
Rhonda Byrne
245
_a
The Greatest Secret
260
_a
Italy
_b
Thorsons
_c
2020
300
_a
256 pages
942
_c
BK